| 000 | 01476nam a2200349 i 4500 | ||
|---|---|---|---|
| 003 | EG-GICUC | ||
| 005 | 20260203145910.0 | ||
| 008 | 260203s2014 ua ||||fr|||| 00| 0 ara d | ||
| 017 | _a2014/2487 | ||
| 020 | _a9789773791721 | ||
| 040 |
_a EG-GICUC _bara _c EG-GICUC _d EG-GICUC _erda |
||
| 041 | _aara | ||
| 082 | 0 | 4 |
_221 _a343.11228 _bخ ا . ج |
| 092 | 0 | 4 | _221 |
| 099 | _aLaw1 10 343.11228 خ ا . ج1 ed - 2014 | ||
| 100 | 0 |
_aخالد مصطفى فهمى _eمؤلف. |
|
| 245 | 1 | 2 |
_aالجوانب القانونية لحماية الموظف العام : _bودراسة تطبيقية مقارنة على رجل الشرطة بين الإتفاقياتالدولية والتشريع المصرى والتشريعات العربية / _cتألبف دكتور خالد مصطفى فهمى. |
| 250 |
_aالطبعة الأولى، _b2014. |
||
| 264 | 1 |
_aالاسكندرية : _bدار الفكر الجامعى، _c2014. |
|
| 300 |
_a529 صفحة ; _c24 سم. |
||
| 336 |
_2rda content _atext |
||
| 337 |
_2rda media _aComputer |
||
| 338 |
_2rda carrier _aOnline Resource |
||
| 504 | _aيشتمل على إرجاعات ببليوجرافية. | ||
| 546 | _aالنص باللغة العربية | ||
| 650 | 1 | _aالقانون الجنائي | |
| 650 | 1 | _aالحماية الجنائية امصالح أخرى | |
| 653 | _aالموظف العام | ||
| 856 | 4 | 0 | _uhttps://fll.law.cu.edu.eg/fulltext/bks/B10-05231.pdf |
| 905 | _a43 | ||
| 942 |
_2ddc _n0 _cBK _e21 |
||
| 999 |
_c60634 _d60634 |
||